| 000 | 00406 a2200133 4500 | ||
|---|---|---|---|
| 005 | 20250619133427.0 | ||
| 020 | _a978-0-06-249749-9 | ||
| 082 | _a302.23 DAV | ||
| 100 | _aDAVIDOWITZ, S. S. | ||
| 245 | _aEverybody Lies: Big Data, New Data and What the Internet Can Tell Us About Who We Really Are. | ||
| 260 |
_aNew York, _bHarperCollins, _c2017. |
||
| 300 |
_axii, 413p.: ill.; table _c23cm. |
||
| 942 |
_2ddc _cBKS |
||
| 999 |
_c255 _d255 |
||